| 000 | 00953nmc a2200313 a 4500 | ||
|---|---|---|---|
| 003 | AR-BaBNM | ||
| 005 | 20251128205024.0 | ||
| 008 | 106019s[199 ||||||||||||||000 | spa|| | ||
| 020 | _a950-503-234-X | ||
| 040 | _cAR-BaBNM | ||
| 100 | 1 |
_aTaborda, Saúl _d1885-1944 |
|
| 245 | 1 | 0 |
_aInvestigaciones pedagógicas _bselección |
| 260 |
_aBuenos Aires _bMarymar _bSecretaría de Cultura de la Nación _c[1993] |
||
| 300 | 0 | _a211 p. | |
| 490 | 0 |
_aIdentidad nacional _vv. 94 |
|
| 500 | 0 | _aContiene una breve biografía de Saúl Taborda | |
| 504 | _aBibliografía: p.209-211 | ||
| 600 | 1 | 4 |
_aSarmiento, Domingo Faustino _d1868-1874 |
| 650 | 4 | _aHISTORIA DE LA EDUCACION | |
| 650 | 4 | _aPEDAGOGIA | |
| 650 | 4 | _aCULTURA | |
| 650 | 4 | _aPOLITICA EDUCATIVA | |
| 650 | 4 | _aDESARROLLO DE LA EDUCACION | |
| 650 | 4 | _aORGANIZACION DE LA EDUCACION | |
| 653 | 0 | _aPEDAGOGOS | |
| 700 | 1 |
_aCirigliano, Gustavo F.J. _eprologuista |
|
| 942 | _cBK | ||
| 998 | _csilvi | ||
| 999 |
_c9693 _d9693 |
||